Contabilidad Pública (Registro nro. 2168)

Detalles MARC
000 -LEADER
fixed length control field 01286 a2200205 4500
001 - CONTROL NUMBER
control field 31270
005 - DATE AND TIME OF LATEST TRANSACTION
control field 20260407155619.0
008 - FIXED-LENGTH DATA ELEMENTS--GENERAL INFORMATION
fixed length control field 260407a1959 arg spa d
003 - CONTROL NUMBER IDENTIFIER
control field AR-UNSa-BCEJYS
040 ## - CATALOGING SOURCE
Original cataloging agency AR-UNSa-BCEJYS
Language of cataloging spa
Transcribing agency AR-UNSa-BCEJYS
080 ## - UNIVERSAL DECIMAL CLASSIFICATION NUMBER
Universal Decimal Classification number 351.72
Common auxiliary subdivision Finanzas públicas. Legislación (Contabilidad Pública, Administración financiera...)
100 1# - MAIN ENTRY--PERSONAL NAME
Personal name Arevalo, Alberto
245 10 - TITLE STATEMENT
Title Contabilidad Pública
250 ## - EDITION STATEMENT
Edition statement 2a. ed
264 #1 - PRODUCTION, PUBLICATION, DISTRIBUTION, MANUFACTURE, AND COPYRIGHT NOTICE
Place of production, publication, distribution, manufacture Buenos Aires :
Name of producer, publisher, distributor, manufacturer El Ateneo
Date of production, publication, distribution, manufacture, or copyright notice 1959
300 ## - PHYSICAL DESCRIPTION
Extent 280 p.
Dimensions 23 cm.
505 ## - FORMATTED CONTENTS NOTE
Formatted contents note 1. Contabilidad pública - 2. La hacienda pública - 3. El organismo económico-administrativo del Estado - 4. El contralor con la hacienda pública - 5. El presupuesto de ejercicio - 6. Estructura del presupuesto general de la Nación - 7. Recursos del Estado - 8. Erogaciones del Estado - 9. El servicio del Tesoro - 10. Períodos y ejercicios administrativos - 11. Bienes del Estado - 12. El régimen contractual del Estado - 13. La contabilidad financiera - 14. Rendiciones de cuentas del poder administrador - 15. Juicio de cuentas a cargo del Tribunal de Cuentas - 16. La rendición de cuentas del poder administrador - 17. El Tribunal de Cuentas de la provincia de Buenos Aires
590 ## - LOCAL NOTE (RLIN)
Local note niveau_biblio:m niveau_hierar:0
942 ## - ADDED ENTRY ELEMENTS (KOHA)
Koha item type
Existencias
Withdrawn status Lost status Damaged status Not for loan Home library Current library Shelving location Date acquired Total checkouts Full call number Barcode Date last seen Price effective from Koha item type
        Biblioteca Prof. Eusebio Cleto del Rey Biblioteca Prof. Eusebio Cleto del Rey   07/04/2026   351.72 A678 L20050 07/04/2026 07/04/2026 Libro
        Biblioteca Prof. Eusebio Cleto del Rey Biblioteca Prof. Eusebio Cleto del Rey   07/04/2026   351.72 A678 L21276 07/04/2026 07/04/2026 Libro
        Biblioteca Prof. Eusebio Cleto del Rey Biblioteca Prof. Eusebio Cleto del Rey   07/04/2026   351.72 A678 L21277 07/04/2026 07/04/2026 Libro